00565nam a2200157 a 450000100100000000500170001000800410002704000250006808200150009310000310010824500570013926000540019630000270025095201130027799900170039000002969920200930055735.0110425s19uu dr a 000 0 spa d aDO-SdBNPbspacBNPHU axxxbB233m1 aBarbeau, Clayton C.95649410aMatrimonio :btarea por hacer /cClayton C. Barbeau. aSanto Domingo :bRenovación conyugal,c[19--?]. a31 p. :bil. ;c22 cm. 0010718PDaPDbPDcCTd2011-04-25iLF1l0oxxx B233mp29699-10r2020-06-25w2020-06-25yLFPDZNo se presta c29191d29191